000 00515nam a2200169 i 4500
001 64796
003 ES-MaACL
007 t|
008 040105s1903 fr ||||1| fre d
100 1 _aFouillée, Alfred,
_d1838-1912
_951939
245 1 0 _aEsquisse psychologique des peuples européens /
_cpar Alfred Fouillée.
250 _a3éme ed.
260 _aParís :
_bFélix Alcan,
_c1903 (
_eEvreux :
_fHérissey)
300 _aXIX, 552 p. ;
_c22 cm.
852 _aES-MaACL
_jB-6392
999 _c64796
_d64796